Antecedentes y resumen de las conversaciones sobre los principales temas tratados /

Sparad:
Bibliografiska uppgifter
Institutionella upphovsmän: UPEB, UNCTAD, PNUD, ICAP
Materialtyp: Text
Publicerad: San José :
Taggar: Lägg till en tagg
Inga taggar, Lägg till första taggen!

MARC

LEADER 00000 a a2200000 04500
001 16626
003
040
090 |a 012500  
110 |a UPEB  
245 |a Antecedentes y resumen de las conversaciones sobre los principales temas tratados /  |c UPEB  
260 |a San José :  
300 |a 23 p.  
710 |a UNCTAD  
710 |a PNUD  
710 |a ICAP  
999 |c 8187  |d 8187